[Event "22nd ch-EUR Indiv 2022"]
[Site "Terme Catez SLO"]
[Date "2022.03.28"]
[Round "2.153"]
[White "Zlatanovic, Marcus"]
[Black "Gueci, Tea"]
[Result "0-1"]
[BlackTitle "WIM"]
[WhiteElo "1680"]
[BlackElo "2235"]
[WhiteFideId "14626195"]
[BlackFideId "872342"]
[EventDate "2022.03.27"]

1. e4 c5 2. Nf3 d6 3. d4 Nf6 4. Nc3 cxd4 5. Nxd4 Nc6 6. Be3 e6 7. f3 a6 8. Qd2
Be7 9. O-O-O O-O 10. g4 Bd7 11. h4 b5 12. Nce2 Qa5 13. Qxa5 Nxa5 14. Ng3 Nc4 15.
Bf2 Rfc8 16. Kb1 Be8 17. Bg2 Rc7 18. g5 Nd7 19. f4 Rac8 20. f5 e5 21. Nde2 f6
22. Nc3 Na3+ 23. Ka1 Nxc2+ 24. Kb1 Na3+ 25. Ka1 Kf8 26. Nd5 Rc2 27. Rhf1 Nc4 28.
b3 Nd2 29. Rg1 Nxb3+ 30. axb3 Rxf2 0-1

[Event "22nd ch-EUR Indiv 2022"]
[Site "Terme Catez SLO"]
[Date "2022.03.28"]
[Round "2.154"]
[White "Gershkowich, David"]
[Black "Fishchuk, Vladyslav"]
[Result "0-1"]
[WhiteTitle "FM"]
[WhiteElo "2233"]
[BlackElo "1760"]
[WhiteFideId "2803356"]
[BlackFideId "34122117"]
[EventDate "2022.03.27"]

1. e4 c5 2. Nf3 Nc6 3. Bb5 g6 4. c3 Nf6 5. Qe2 Bg7 6. O-O O-O 7. d4 cxd4 8. cxd4
d6 9. Nc3 Bg4 10. Be3 Nd7 11. Rfd1 a6 12. Bxc6 bxc6 13. h3 Bxf3 14. Qxf3 Qb8 15.
Rab1 c5 16. Qe2 Qb7 17. h4 h5 18. b4 cxd4 19. Bxd4 Ne5 20. a4 Rac8 21. Nd5 e6
22. Nb6 Rc6 23. a5 Rd8 24. b5 axb5 25. Qxb5 Rc2 26. Bxe5 Bxe5 27. Qa4 Qc7 28. a6
Qc5 29. Rf1 Bg3 30. a7 Rxf2 31. Rxf2 Qxf2+ 32. Kh1 Bf4 33. Nc4 Qxh4+ 34. Kg1
Bh2+ 35. Kf1 Qf4+ 36. Ke2 Qxe4+ 37. Kd2 Qxb1 38. a8=Q Bf4+ 39. Ke2 Rxa8 40.
Qxa8+ Kg7 0-1

[Event "22nd ch-EUR Indiv 2022"]
[Site "Terme Catez SLO"]
[Date "2022.03.28"]
[Round "2.155"]
[White "Shevchenko, Matviei"]
[Black "Marn, Jan"]
[Result "0-1"]
[BlackTitle "FM"]
[WhiteElo "1326"]
[BlackElo "2232"]
[WhiteFideId "14188678"]
[BlackFideId "14619245"]
[EventDate "2022.03.27"]

1. e4 e5 2. Nf3 Nc6 3. Bc4 Bc5 4. c3 Nf6 5. d4 exd4 6. e5 d5 7. Bb5 Ne4 8. cxd4
Bb6 9. Nc3 O-O 10. Be3 f5 11. Qc1 Be6 12. Bxc6 bxc6 13. a3 Qe8 14. Ne2 h6 15. h4
Bc8 16. b4 a5 17. Rb1 axb4 18. axb4 Ba6 19. Nf4 Bb5 20. Ng1 g5 21. hxg5 hxg5 22.
Ngh3 gxf4 23. Nxf4 Rf7 24. Ng6 Rh7 25. Nh4 Qh5 26. f3 Qxh4+ 27. Rxh4 Rxh4 28.
Bg1 Rh1 29. Qe3 f4 0-1

[Event "22nd ch-EUR Indiv 2022"]
[Site "Terme Catez SLO"]
[Date "2022.03.28"]
[Round "2.156"]
[White "Rakhmangulova, Anastasiya"]
[Black "Tribushnaya, Olga"]
[Result "1-0"]
[WhiteTitle "WIM"]
[WhiteElo "2229"]
[BlackElo "1716"]
[WhiteFideId "14117479"]
[BlackFideId "14123045"]
[EventDate "2022.03.27"]

1. e4 c6 2. Nf3 d5 3. Nc3 Bg4 4. h3 Bxf3 5. Qxf3 e6 6. d4 Qf6 7. Qxf6 Nxf6 8.
Bd3 dxe4 9. Nxe4 Nxe4 10. Bxe4 Nd7 11. O-O Bd6 12. c4 Nf6 13. Bf3 h6 14. Bd2
O-O-O 15. Bc3 Nd7 16. Rfe1 Rhg8 17. b4 Kc7 18. a4 Rde8 19. Rab1 Be7 20. c5 Nf6
21. b5 Nd5 22. bxc6 Kxc6 23. Ba5 Rb8 24. Be2 a6 25. Bf3 Bd8 26. Bd2 Bc7 27. Rb3
Rge8 28. Reb1 Red8 29. a5 Re8 30. R3b2 Red8 31. Bd1 Bf4 32. Be1 Bg5 33. Ba4+ Kc7
34. Rc2 Ne7 35. Rc4 Nc6 36. Bxc6 Kxc6 37. Rb6+ Kc7 38. Bb4 h5 39. c6 bxc6 40.
Rxa6 g6 41. Raxc6+ Kd7 42. Rc7+ Ke8 43. a6 Ra8 44. a7 Rd7 45. Rc8+ Rd8 46. Rxa8
Rxa8 47. Rc7 1-0

[Event "22nd ch-EUR Indiv 2022"]
[Site "Terme Catez SLO"]
[Date "2022.03.28"]
[Round "2.157"]
[White "Bauer, Thomas"]
[Black "Kuznetsova, Elyzaveta"]
[Result "1-0"]
[WhiteTitle "CM"]
[WhiteElo "2224"]
[BlackElo "1366"]
[WhiteFideId "1639293"]
[BlackFideId "14189950"]
[EventDate "2022.03.27"]

1. e4 c6 2. d4 d5 3. e5 Bf5 4. Nf3 e6 5. Be2 Bb4+ 6. c3 Ba5 7. O-O Ne7 8. Re1
O-O 9. Nh4 h6 10. Nxf5 Nxf5 11. Bd3 Nd7 12. Nd2 Ne7 13. Qg4 g6 14. Nf3 Kg7 15.
h4 Nf5 16. h5 Rh8 17. Qh3 c5 18. dxc5 Nxc5 19. Bxf5 exf5 20. hxg6 fxg6 21. b4 1-0

[Event "22nd ch-EUR Indiv 2022"]
[Site "Terme Catez SLO"]
[Date "2022.03.29"]
[Round "3.1"]
[White "Wagner, Dennis"]
[Black "Navara, David"]
[Result "1/2-1/2"]
[WhiteTitle "GM"]
[BlackTitle "GM"]
[WhiteElo "2584"]
[BlackElo "2700"]
[WhiteFideId "24650684"]
[BlackFideId "309095"]
[EventDate "2022.03.27"]

1. d4 Nf6 2. c4 e6 3. Nf3 d5 4. g3 Be7 5. Bg2 O-O 6. O-O dxc4 7. Qc2 a6 8. a4
Bd7 9. Qxc4 Bc6 10. Bg5 Nbd7 11. Nc3 a5 12. Rfd1 h6 13. Bxf6 Nxf6 14. Rac1 Bb4
15. Ne5 Bxg2 16. Kxg2 c6 17. Qb3 Qe7 18. Nb1 Rfd8 19. Na3 Nd7 20. Nac4 Nxe5 21.
Nxe5 Rac8 22. h4 Rc7 23. Qf3 Bd6 24. Nc4 Bb4 25. Qe4 Rcd7 26. Rd3 c5 27. Rcd1
Rxd4 28. Rxd4 cxd4 29. Rxd4 Rxd4 30. Qxd4 b5 31. axb5 1/2-1/2

[Event "22nd ch-EUR Indiv 2022"]
[Site "Terme Catez SLO"]
[Date "2022.03.29"]
[Round "3.2"]
[White "Can, Emre"]
[Black "Volokitin, Andrei"]
[Result "1-0"]
[WhiteTitle "GM"]
[BlackTitle "GM"]
[WhiteElo "2578"]
[BlackElo "2687"]
[WhiteFideId "6302181"]
[BlackFideId "14107090"]
[EventDate "2022.03.27"]

1. e4 c5 2. Nc3 e6 3. g3 d5 4. exd5 exd5 5. d4 cxd4 6. Qxd4 Nf6 7. Bg5 Nc6 8.
Qa4 Bb4 9. Ne2 Bxc3+ 10. Nxc3 Qe7+ 11. Be2 Be6 12. O-O-O O-O-O 13. Bb5 d4 14.
Bxc6 dxc3 15. Qxa7 cxb2+ 16. Kb1 Qb4 17. Bf4 1-0

[Event "22nd ch-EUR Indiv 2022"]
[Site "Terme Catez SLO"]
[Date "2022.03.29"]
[Round "3.3"]
[White "Iskandarov, Misratdin"]
[Black "Sargissian, Gabriel"]
[Result "1/2-1/2"]
[WhiteTitle "GM"]
[BlackTitle "GM"]
[WhiteElo "2577"]
[BlackElo "2681"]
[WhiteFideId "13400312"]
[BlackFideId "13300881"]
[EventDate "2022.03.27"]

1. e4 e5 2. Nf3 Nc6 3. Bb5 Nf6 4. d3 Bc5 5. Bxc6 dxc6 6. Nbd2 Nd7 7. Nc4 O-O 8.
Be3 Bxe3 9. Nxe3 Re8 10. Qd2 a5 11. O-O b6 12. Qc3 Qf6 13. Nd2 Qd6 14. f4 exf4
15. Nf5 Qc5+ 16. Qxc5 Nxc5 17. Rxf4 Ne6 18. Rf2 a4 19. a3 c5 20. Raf1 f6 21. h4
Ba6 22. Re1 Rad8 23. e5 Nf8 24. Re4 g6 25. Ng3 f5 26. Rxa4 Bb5 27. Ra7 Ne6 28.
Ne2 Ra8 29. Rxa8 Rxa8 30. g3 Re8 31. Nf4 Nd4 32. c3 Ne6 33. Nxe6 Rxe6 34. c4 Bc6
35. Re2 Re8 36. Kf2 Rd8 37. Ke3 Rd4 38. Rf2 Kf7 39. Rf4 Rd8 40. d4 Re8 41. Rf2
cxd4+ 42. Kxd4 Bb7 43. Re2 c5+ 44. Kc3 Ra8 45. Re3 Bc6 46. Kc2 Ke6 47. b4 Be4+
48. Nxe4 fxe4 49. Rxe4 Rxa3 50. bxc5 bxc5 51. g4 h6 52. Re1 Rg3 53. h5 Rxg4 54.
hxg6 Rxg6 55. Rd1 h5 56. Rd5 h4 57. Rxc5 h3 58. Rc8 Kxe5 59. Rh8 Rg3 60. Kd2 Kd4 1/2-1/2

[Event "22nd ch-EUR Indiv 2022"]
[Site "Terme Catez SLO"]
[Date "2022.03.29"]
[Round "3.4"]
[White "Areshchenko, Alexander"]
[Black "Gagunashvili, Merab"]
[Result "1/2-1/2"]
[WhiteTitle "GM"]
[BlackTitle "GM"]
[WhiteElo "2670"]
[BlackElo "2575"]
[WhiteFideId "14109530"]
[BlackFideId "13601652"]
[EventDate "2022.03.27"]

1. e4 e5 2. Nf3 Nc6 3. Bc4 Bc5 4. c3 Nf6 5. d4 exd4 6. e5 d5 7. Bb5 Ne4 8. cxd4
Bb6 9. Nc3 O-O 10. Be3 Bg4 11. h3 Bh5 12. Qc2 Nxc3 13. bxc3 f6 14. exf6 Qxf6 15.
Be2 Bxf3 16. Bxf3 Ne7 17. O-O c6 18. Rae1 Bc7 19. Bg4 Rae8 20. Bc1 Nc8 21. g3
Nb6 22. h4 Qf7 23. Ba3 Rxe1 24. Rxe1 Re8 25. Rxe8+ Qxe8 26. Bf5 g6 27. Bd3 Nc4
28. Bc1 Nd6 29. h5 Qe1+ 30. Kg2 Ne4 31. Bxe4 Qxe4+ 32. Qxe4 dxe4 33. hxg6 1/2-1/2

[Event "22nd ch-EUR Indiv 2022"]
[Site "Terme Catez SLO"]
[Date "2022.03.29"]
[Round "3.5"]
[White "Sargsyan, Shant"]
[Black "Meshkovs, Nikita"]
[Result "1-0"]
[WhiteTitle "GM"]
[BlackTitle "GM"]
[WhiteElo "2639"]
[BlackElo "2561"]
[WhiteFideId "13306766"]
[BlackFideId "11602740"]
[EventDate "2022.03.27"]

1. d4 Nf6 2. Nf3 d5 3. c4 e6 4. Nc3 a6 5. cxd5 exd5 6. Qb3 Be7 7. Bf4 O-O 8. e3
Ra7 9. Bd3 Be6 10. Qc2 Nbd7 11. O-O c5 12. dxc5 Nxc5 13. Rfd1 Nxd3 14. Qxd3 Ra8
15. Be5 h6 16. Ne2 Qb6 17. Nf4 Rad8 18. Rac1 Ne8 19. Bd4 Qa5 20. Qb3 Qb4 21.
Qxb4 Bxb4 22. Bc5 Bxc5 23. Rxc5 Nf6 24. Nd4 Rd6 25. Rdc1 Bd7 26. f3 Rd8 27. Kf2
Kf8 28. g4 g5 29. Nd3 Rb6 30. b3 Re8 31. h3 Ke7 32. Ne5 Kf8 33. Nxd7+ Nxd7 34.
Rxd5 Ne5 35. Nf5 Rbe6 36. Rc7 b5 37. f4 gxf4 38. exf4 Ng6 39. Rdd7 Rf6 40. Kf3
h5 41. b4 hxg4+ 42. hxg4 Ra8 43. Ra7 Rb8 44. Rd6 Nh4+ 45. Kf2 Rg6 46. Rxg6 Nxg6
47. Kf3 Rd8 48. Rxa6 Rc8 49. Nd6 Rc1 50. Ra8+ Ke7 51. Nf5+ Kd7 52. Ra7+ Kd8 53.
Nd6 Rf1+ 54. Ke3 f6 55. f5 Ne7 56. Ra8+ Kd7 57. Ne4 Re1+ 58. Kd3 Nd5 59. Kd4 1-0

[Event "22nd ch-EUR Indiv 2022"]
[Site "Terme Catez SLO"]
[Date "2022.03.29"]
[Round "3.6"]
[White "Svane, Rasmus"]
[Black "Martinovic, Sasa"]
[Result "1-0"]
[WhiteTitle "GM"]
[BlackTitle "GM"]
[WhiteElo "2637"]
[BlackElo "2554"]
[WhiteFideId "4657101"]
[BlackFideId "14509792"]
[EventDate "2022.03.27"]

1. d4 d5 2. Nf3 Nf6 3. c3 Bf5 4. Qb3 Qc8 5. c4 dxc4 6. Qxc4 e6 7. g3 a6 8. Bg2
b5 9. Qb3 c5 10. dxc5 Bxc5 11. Be3 Nbd7 12. Nbd2 Ra7 13. Nd4 O-O 14. O-O Bxd4
15. Bxd4 Rc7 16. Qb4 e5 17. Bc3 Be6 18. a4 Bd5 19. Bh3 Qb7 20. axb5 axb5 21. Ra5
Bc6 22. Rfa1 Nd5 23. Qd6 Nxc3 24. bxc3 Nb8 25. Qxe5 Re8 26. Qd4 Bd7 27. Ra7 Qc8
28. Rxc7 Qxc7 29. Ra7 Qxa7 30. Qxa7 Bxh3 31. Ne4 Nd7 32. Ng5 1-0

[Event "22nd ch-EUR Indiv 2022"]
[Site "Terme Catez SLO"]
[Date "2022.03.29"]
[Round "3.7"]
[White "Yuffa, Daniil"]
[Black "Kollars, Dmitrij"]
[Result "1/2-1/2"]
[WhiteTitle "GM"]
[BlackTitle "GM"]
[WhiteElo "2576"]
[BlackElo "2635"]
[WhiteFideId "24131423"]
[BlackFideId "12909572"]
[EventDate "2022.03.27"]

1. d4 Nf6 2. c4 e6 3. g3 d5 4. Bg2 Bb4+ 5. Nd2 O-O 6. Nf3 dxc4 7. Qc2 a5 8. a3
Bxd2+ 9. Bxd2 b5 10. a4 c6 11. h4 h6 12. g4 Nxg4 13. axb5 f5 14. Ne5 Nxe5 15.
dxe5 Qb6 16. Rg1 Qxb5 17. Bxh6 Ra7 18. Qc3 Rd7 19. Bg5 a4 20. h5 Na6 21. h6 g6
22. Bf6 Kh7 23. Bf3 Rg8 24. Kf1 Bb7 25. Rc1 Nc7 26. Qxc4 Qxb2 27. Bxc6 Rf7 28.
Bxb7 Qxb7 29. Qxa4 Nd5 30. Bg7 Ra8 31. Qh4 Rc7 32. Re1 Qb3 33. Rg3 Rc3 34. Rxc3
Qxc3 35. Rb1 Qc2 36. Re1 Qd2 37. Qc4 Qg5 38. Rb1 Qh5 39. Kg1 Qg5+ 40. Kf1 1/2-1/2

[Event "22nd ch-EUR Indiv 2022"]
[Site "Terme Catez SLO"]
[Date "2022.03.29"]
[Round "3.8"]
[White "Stocek, Jiri"]
[Black "Ter-Sahakyan, Samvel"]
[Result "1/2-1/2"]
[WhiteTitle "GM"]
[BlackTitle "GM"]
[WhiteElo "2555"]
[BlackElo "2632"]
[WhiteFideId "304760"]
[BlackFideId "13302531"]
[EventDate "2022.03.27"]

1. d4 Nf6 2. Nf3 d5 3. c4 e6 4. Nc3 Bb4 5. cxd5 exd5 6. Bg5 h6 7. Bh4 O-O 8. Qc2
c5 9. dxc5 Be6 10. e3 Nbd7 11. Bd3 Nxc5 12. O-O Rc8 13. Rfd1 Nxd3 14. Qxd3 Bxc3
15. bxc3 Qe7 16. Qd4 b6 17. Nd2 Rc6 18. a4 Rfc8 19. a5 Rxc3 20. axb6 axb6 21.
Qxb6 Nd7 1/2-1/2

[Event "22nd ch-EUR Indiv 2022"]
[Site "Terme Catez SLO"]
[Date "2022.03.29"]
[Round "3.9"]
[White "Dragnev, Valentin"]
[Black "Moussard, Jules"]
[Result "0-1"]
[WhiteTitle "GM"]
[BlackTitle "GM"]
[WhiteElo "2546"]
[BlackElo "2630"]
[WhiteFideId "1634852"]
[BlackFideId "642908"]
[EventDate "2022.03.27"]

1. e4 c5 2. Nf3 d6 3. d4 cxd4 4. Nxd4 Nf6 5. Nc3 a6 6. f3 e6 7. g4 b5 8. a3 Nfd7
9. Be3 Bb7 10. Qd2 Nb6 11. O-O-O N8d7 12. f4 Rc8 13. Rg1 Nf6 14. Bd3 Nc4 15.
Bxc4 Rxc4 16. Qd3 Qc7 17. g5 Rxc3 18. Qxc3 Qxc3 19. bxc3 Nxe4 20. Ne2 d5 21. Kb2
Be7 22. Ng3 Nd6 23. Bd4 Rg8 24. Ka2 g6 25. h4 Nc4 26. a4 Kd7 27. axb5 axb5 28.
Ra1 Ra8+ 29. Kb1 Nd2+ 30. Kb2 Ba3+ 31. Rxa3 Nc4+ 32. Kb1 Nxa3+ 33. Kc1 Nc4 34.
Kd1 Kd6 35. Rf1 Ra1+ 36. Ke2 Ra2 37. Rc1 Ba6 38. Nf1 b4 39. cxb4 Na3+ 40. Kf3
Bxf1 41. Rxf1 Nxc2 42. Be5+ Kc6 43. b5+ Kxb5 44. Rb1+ Kc4 45. Rb7 Ra3+ 46. Kf2
Nd4 47. Rxf7 Ra2+ 48. Kf1 Nf3 49. Bf6 Kd3 50. Re7 Ke3 51. Rxe6+ Kxf4 52. Bd8
Ra1+ 53. Kf2 Ra2+ 54. Kf1 Nxh4 55. Re7 Nf5 56. Rxh7 d4 57. Rd7 Kf3 58. Ke1 Ne3
59. Rf7+ Ke4 60. Rb7 d3 61. Re7+ Kf3 62. Rf7+ Kg2 63. Rf2+ Rxf2 0-1

[Event "22nd ch-EUR Indiv 2022"]
[Site "Terme Catez SLO"]
[Date "2022.03.29"]
[Round "3.10"]
[White "Pultinevicius, Paulius"]
[Black "Kozul, Zdenko"]
[Result "1/2-1/2"]
[WhiteTitle "GM"]
[BlackTitle "GM"]
[WhiteElo "2546"]
[BlackElo "2619"]
[WhiteFideId "12809390"]
[BlackFideId "14502879"]
[EventDate "2022.03.27"]

1. d4 Nf6 2. c4 g6 3. Nc3 Bg7 4. e4 d6 5. h3 O-O 6. Bg5 Nbd7 7. Nf3 c5 8. d5 a6
9. a4 Qa5 10. Bd3 e5 11. O-O Kh8 12. Bd2 Qd8 13. a5 Ng8 14. Na4 Bh6 15. b4 Bxd2
16. Qxd2 Qc7 17. Rab1 Ngf6 18. Rfc1 Kg7 19. Qe1 Rb8 20. Bc2 h6 21. Qd2 Rg8 22.
Ne1 g5 23. f3 Nh5 24. Kh2 cxb4 25. Qxb4 Nf4 26. Bd1 Nc5 27. Nxc5 dxc5 28. Qc3 f6
29. Rb6 Bxh3 30. gxh3 Qc8 31. Kg1 Qxh3 32. Rc2 Qg3+ 33. Kf1 Qh3+ 34. Kf2 h5 35.
Ke3 h4 36. Kd2 Qg3 37. Kc1 h3 38. Rbb2 Rh8 39. Rh2 b6 40. Rh1 bxa5 41. Rxb8 Rxb8
42. Qxa5 Kg6 43. Qd2 g4 44. Bc2 Ng2 45. Nxg2 Qxg2 46. Qxg2 hxg2 47. Rg1 gxf3 48.
Bd1 Rb3 49. Kd2 Kf7 50. Ke1 Re3+ 51. Kf2 Rxe4 52. Bxf3 Rxc4 53. Ra1 Rc2+ 54. Kg1
c4 55. Rxa6 c3 56. Ra7+ Kf8 57. Rc7 f5 58. Bxg2 e4 59. Bh3 e3 60. Kf1 Rh2 61. d6
Rd2 62. d7 Ke7 63. Rxc3 Rf2+ 64. Ke1 Kxd7 65. Rxe3 Rf4 66. Re5 Kd6 67. Ra5 Ke6
68. Ke2 Kf6 69. Ke3 Re4+ 70. Kf3 Re5 71. Ra8 Rb5 72. Kg3 Rb3+ 73. Kh4 Rf3 74.
Ra6+ Ke5 75. Bg2 Rf4+ 76. Kh5 Rf2 77. Bh3 Rf3 78. Kh4 Rd3 79. Ra5+ Rd5 80. Ra8
Kf4 81. Ra4+ Kf3 82. Kg5 f4+ 83. Bf5 Ke3 84. Re4+ Kd3 85. Rxf4+ Kc3 86. Kf6 Rc5
87. Be6 Kd3 88. Ke7 Ke3 89. Rh4 Rg5 90. Rh3+ Ke4 91. Kf6 Ra5 92. Rh4+ Ke3 93.
Bf5 Rc5 94. Ra4 Rb5 95. Be4 Rb8 96. Bd5 Rh8 97. Be6 Rh5 98. Bf5 Rh8 99. Ke5 Re8+
100. Be6 Kd2 101. Ra3 Re7 102. Kd5 Re8 103. Bf5 Rd8+ 104. Ke4 Re8+ 105. Kf4 Re7
106. Rd3+ Ke2 107. Rc3 Kf2 108. Rh3 Ke1 109. Rd3 Ke2 110. Rd6 Rf7 111. Rh6 Kd2
112. Rc6 Rf8 113. Rc2+ Kd1 114. Rh2 Kc1 115. Ke4 Re8+ 116. Kd3 Rd8+ 117. Kc3 Kd1
118. Bd3 Rc8+ 119. Bc4 Re8 120. Rh1+ Re1 121. Rh8 Re5 122. Ra8 Ke1 123. Rf8 Kd1
124. Kd3 Ke1 125. Ra8 Kf2 1/2-1/2

[Event "22nd ch-EUR Indiv 2022"]
[Site "Terme Catez SLO"]
[Date "2022.03.29"]
[Round "3.11"]
[White "Bartel, Mateusz"]
[Black "Lodici, Lorenzo"]
[Result "1/2-1/2"]
[WhiteTitle "GM"]
[BlackTitle "GM"]
[WhiteElo "2616"]
[BlackElo "2537"]
[WhiteFideId "1112635"]
[BlackFideId "884189"]
[EventDate "2022.03.27"]

1. c4 e5 2. Nc3 Nf6 3. Nf3 Nc6 4. e3 Bb4 5. Qc2 O-O 6. Nd5 Re8 7. Qf5 d6 8.
Nxf6+ Qxf6 9. Qxf6 gxf6 10. a3 Bc5 11. b4 Bb6 12. Bb2 a5 13. b5 Nd8 14. d4 Ne6
15. c5 Ba7 16. b6 cxb6 17. cxd6 exd4 18. Nxd4 Nxd4 19. Bxd4 Re6 20. Bb5 Rxd6 21.
O-O-O Bf5 22. Bc3 Bb8 23. Kb2 Rxd1 24. Rxd1 Be5 25. Bxe5 fxe5 26. f3 e4 27. f4
Be6 28. Rd6 h5 29. Rxb6 Rd8 30. Kc3 Rc8+ 31. Kd4 Rc2 32. Kxe4 Rxg2 33. f5 Bb3
34. Ke5 Rxh2 35. Rxb7 a4 36. Kf6 Rd2 37. Kg5 Rg2+ 38. Kh6 Kf8 39. e4 f6 40. Kxh5
Bf7+ 41. Kh4 Rb2 42. Kg4 Rb3 43. Kf4 Be8 44. Ba6 Rxa3 45. Bc4 Rc3 46. Bd5 Rc1
47. Ra7 Ra1 48. Ke3 a3 49. Kd4 a2 50. Bxa2 Bd7 51. e5 Rd1+ 52. Kc5 fxe5 53. f6
Rf1 54. Rxd7 Rxf6 55. Bd5 Ke8 56. Rb7 Kf8 57. Ra7 Ke8 58. Be4 Kf8 59. Kd5 Rf7
60. Ra8+ Kg7 61. Ke6 Rf6+ 62. Kxe5 Rf1 63. Ra2 Re1 64. Ra7+ Kh6 65. Rh7+ Kg5 66.
Rg7+ Kh6 67. Rg2 Ra1 68. Bf5 Kh5 69. Rg3 Kh4 70. Rg4+ Kh5 71. Rg8 Kh4 72. Bd3
Ra2 73. Kf4 Rf2+ 74. Ke3 Rf7 75. Be2 Re7+ 76. Kf2 Rf7+ 77. Bf3 Rf6 78. Ke3 Kh3
79. Ke4 Ra6 80. Kf5 Ra7 81. Kf4 Rf7+ 82. Ke3 Rf6 83. Rg4 Ra6 84. Rg7 Rf6 85. Rg8
Kh4 86. Ke4 Rf7 87. Rg4+ Kh3 88. Rg6 Kh4 89. Ke3 Ra7 90. Rg4+ Kh3 91. Rg1 Kh4
92. Bd5 Ra6 93. Bc4 Rf6 94. Be2 Re6+ 95. Kf2 Re4 96. Kf3 Re8 97. Bd3 Rf8+ 98.
Ke3 Kh5 99. Be4 Rf6 100. Bd5 Rf8 101. Ke4 Re8+ 102. Kf5 Rf8+ 103. Ke5 Kh4 104.
Be6 Rf2 105. Bg4 Ra2 106. Bf3 Ra7 107. Bd5 Ra4 108. Be4 Kh5 109. Kf4 Kh6 110.
Rg6+ Kh5 111. Rg7 Ra6 112. Rc7 1/2-1/2

[Event "22nd ch-EUR Indiv 2022"]
[Site "Terme Catez SLO"]
[Date "2022.03.29"]
[Round "3.12"]
[White "Ivic, Velimir"]
[Black "Kelires, Andreas"]
[Result "1-0"]
[WhiteTitle "GM"]
[BlackTitle "GM"]
[WhiteElo "2610"]
[BlackElo "2536"]
[WhiteFideId "950122"]
[BlackFideId "5900727"]
[EventDate "2022.03.27"]

1. d4 Nf6 2. c4 e6 3. Nc3 Bb4 4. f3 c5 5. a3 Bxc3+ 6. bxc3 Nc6 7. e4 d6 8. Ne2
Qa5 9. Bd2 e5 10. Ng3 Qc7 11. d5 Ne7 12. Bd3 h5 13. h4 Ng6 14. Nf1 Nf4 15. Bxf4
exf4 16. Qd2 Nd7 17. Qxf4 Ne5 18. Be2 Bd7 19. Qd2 O-O-O 20. Ne3 Rde8 21. a4 f5
22. exf5 g6 23. fxg6 Nxg6 24. Bd3 Nf4 25. Be4 Rhg8 26. a5 Qd8 27. a6 b6 28.
O-O-O Kb8 29. Rdg1 Qf6 30. g3 Ng6 31. g4 Ne5 32. g5 Qf4 33. Nf5 Qxd2+ 34. Kxd2
Bxf5 35. Bxf5 Nxf3+ 36. Kd3 Nxg1 37. Rxg1 Rg7 38. g6 Kc7 39. Rg5 Rh8 40. Be6 Kd8
41. Bf7 Kd7 42. Ke4 Ke7 43. Rf5 Rb8 44. Kf4 1-0

[Event "22nd ch-EUR Indiv 2022"]
[Site "Terme Catez SLO"]
[Date "2022.03.29"]
[Round "3.13"]
[White "Indjic, Aleksandar"]
[Black "Kulaots, Kaido"]
[Result "1/2-1/2"]
[WhiteTitle "GM"]
[BlackTitle "GM"]
[WhiteElo "2605"]
[BlackElo "2527"]
[WhiteFideId "911925"]
[BlackFideId "4500261"]
[EventDate "2022.03.27"]

1. d4 Nf6 2. c4 g6 3. f3 d5 4. cxd5 Nxd5 5. e4 Nb6 6. Nc3 Bg7 7. Be3 O-O 8. Qd2
Nc6 9. O-O-O Qd6 10. Kb1 Rd8 11. Nb5 Qd7 12. d5 a6 13. Nc3 Qe8 14. Qc1 Na5 15.
h4 e6 16. Bg5 Rd6 17. Bf4 Bd7 18. e5 Rxd5 19. Nxd5 exd5 20. g4 Ba4 21. Re1 d4
22. Bd2 Nb3 23. axb3 Bxb3 24. Bb4 Qa4 25. Ba3 Nd5 26. Bd3 c5 27. Ne2 Nb4 28. Nf4
c4 29. Bxc4 Bc2+ 30. Ka1 Rc8 31. Bd5 d3 32. Re4 a5 33. Qd2 Qb5 34. Ba2 Nxa2 35.
Kxa2 Bxe5 36. Rxe5 Qxe5 37. Re1 Qd4 38. Rc1 b5 39. Nxd3 b4 40. Ka1 Rd8 41. Qxc2
Qxd3 42. Qxd3 Rxd3 43. Ka2 bxa3 44. Rc3 Rd4 45. Kxa3 Rf4 46. b3 1/2-1/2

[Event "22nd ch-EUR Indiv 2022"]
[Site "Terme Catez SLO"]
[Date "2022.03.29"]
[Round "3.14"]
[White "Bjerre, Jonas Buhl"]
[Black "Suleymanli, Aydin"]
[Result "1-0"]
[WhiteTitle "GM"]
[BlackTitle "GM"]
[WhiteElo "2601"]
[BlackElo "2525"]
[WhiteFideId "1444948"]
[BlackFideId "13413937"]
[EventDate "2022.03.27"]

1. d4 Nf6 2. c4 e6 3. Nf3 b6 4. g3 Ba6 5. b3 Bb4+ 6. Bd2 Bxd2+ 7. Qxd2 d5 8.
cxd5 exd5 9. Qe3+ Qe7 10. Qxe7+ Kxe7 11. Nc3 c5 12. dxc5 bxc5 13. Ne5 Bb7 14.
Bg2 Na6 15. O-O-O Nc7 16. Rd2 Rhd8 17. g4 h6 18. h4 g5 19. e3 Rd6 20. hxg5 hxg5
21. f4 Rg8 22. f5 Ba8 23. Re1 Rh8 24. e4 d4 25. Na4 Na6 26. Ng6+ fxg6 27. e5 Rd7
28. exf6+ Kf7 29. Bxa8 Rxa8 30. Re6 Nb4 31. Rh2 gxf5 32. gxf5 Kg8 33. Kd2 Rc8
34. Re1 c4 35. bxc4 Rxc4 36. Rh6 Rc2+ 37. Kd1 Rdc7 38. Re7 Rc1+ 39. Ke2 d3+ 40.
Kf3 Rxe7 41. fxe7 Kf7 42. f6 Re1 43. Rh8 g4+ 44. Kg3 d2 45. Nb2 Re3+ 46. Kf2 Re1
47. Rf8+ Kg6 48. Nd1 1-0

[Event "22nd ch-EUR Indiv 2022"]
[Site "Terme Catez SLO"]
[Date "2022.03.29"]
[Round "3.15"]
[White "Muradli, Mahammad"]
[Black "Ivanisevic, Ivan"]
[Result "1/2-1/2"]
[WhiteTitle "IM"]
[BlackTitle "GM"]
[WhiteElo "2537"]
[BlackElo "2601"]
[WhiteFideId "13409301"]
[BlackFideId "912417"]
[EventDate "2022.03.27"]

1. d4 Nf6 2. c4 g6 3. Nc3 Bg7 4. e4 d6 5. h3 O-O 6. Be3 e5 7. d5 a5 8. g4 Na6 9.
Nge2 h5 10. f3 Nh7 11. Qd2 f5 12. exf5 gxf5 13. gxf5 Bxf5 14. O-O-O Nb4 15. Ng3
Bg6 16. Rg1 Qe8 17. Qg2 Qf7 18. Nge4 Bxe4 19. fxe4 Kh8 20. Be2 Rg8 21. Rdf1 Bf6
22. Qf3 Rxg1 23. Rxg1 Rf8 24. Qf5 Bh4 25. a3 Na6 26. Qxf7 Rxf7 27. Bxh5 Bf2 28.
Kd2 Rf8 29. Rg2 Bxe3+ 30. Kxe3 Nf6 31. Bg4 Nxg4+ 32. hxg4 Kg7 33. Ne2 Nc5 34.
Ng3 Kg6 35. b4 axb4 36. axb4 Na6 37. Nf5 Rh8 38. g5 Nxb4 39. Ne7+ Kf7 40. Nf5
Kg6 41. Ne7+ Kf7 42. Nf5 Kg6 1/2-1/2

[Event "22nd ch-EUR Indiv 2022"]
[Site "Terme Catez SLO"]
[Date "2022.03.29"]
[Round "3.16"]
[White "Kozak, Adam"]
[Black "Iturrizaga Bonelli, Eduardo"]
[Result "1/2-1/2"]
[WhiteTitle "GM"]
[BlackTitle "GM"]
[WhiteElo "2525"]
[BlackElo "2594"]
[WhiteFideId "753246"]
[BlackFideId "3901211"]
[EventDate "2022.03.27"]

1. d4 Nf6 2. c4 e6 3. Nc3 Bb4 4. e3 O-O 5. Bd2 b6 6. Nf3 Bb7 7. Bd3 d5 8. cxd5
exd5 9. Rc1 a6 10. O-O Nbd7 11. Ne5 Bd6 12. f4 c5 13. Qf3 Re8 14. Be1 cxd4 15.
exd4 b5 16. Qh3 Nf8 17. Bh4 Be7 18. Rce1 Ne4 19. Bxe7 Rxe7 20. Bc2 Qb6 21. Qe3
Rd8 22. Bb3 Ne6 23. Nxd5 Bxd5 24. Bxd5 Rxd5 25. Qxe4 Qxd4+ 26. Qxd4 1/2-1/2